Hydraulik

Na minha lista:
Detalhes bibliográficos
Autor principal: Kozeny, Josef (Author)
Formato: Livro
Idioma:alemão
Publicado em: Wien : Springer Verlag London, 1953
Tags: Adicionar Tag
Sem tags, seja o primeiro a adicionar uma tag!

MARC

LEADER 00000nam a22000003a 4500
001 stu164320
005 20190206105109.5
008 080529s1953----au------------------ger-d
040 |a STU  |b slo 
041 0 |a ger 
044 |a au 
080 |a 556.546 
100 1 |a Kozeny, Josef  |4 aut 
245 1 |a Hydraulik 
260 |a Wien :  |b Springer Verlag London,  |c 1953 
300 |a XI,588 s 
996 |b 284V018363  |c V*50032/O-22266  |l VVT  |s A  |a 24  |w stu164320_0001